[Event "Ciamannacce sim"]
[Site "Ciamannacce"]
[Date "2012.07.14"]
[Round "?"]
[White "Karpov, Anatoly"]
[Black "Cuneo, Christine"]
[Result "1-0"]
[WhiteElo "2616"]
[BlackElo "1505"]
[PlyCount "57"]
[EventDate "2012.07.14"]
[EventType "simul"]
[EventRounds "1"]
[EventCountry "FRA"]
[SourceTitle "EXT 2014"]
[Source "ChessBase"]
[SourceDate "2013.11.20"]
[SourceVersion "1"]
[SourceVersionDate "2013.11.20"]
[SourceQuality "1"]

1. e4 e5 2. Nf3 Nc6 3. Bb5 d6 4. d4 Bd7 5. 0-0 a6 6. Bxc6 Bxc6 7. Re1 Nf6 8. Nc3 Be7 9. h3 0-0 10. dxe5 dxe5 11. Qxd8 Raxd8 12. Nxe5 Rfe8 13. Nxc6 bxc6 14. f3 Bb4 15. Bg5 Bxc3 16. bxc3 Re6 17. Rad1 Rde8 18. Kf2 h6 19. Bf4 R6e7 20. Rb1 g5 21. Be3 Nd7 22. Rb4 c5 23. Rb7 c6 24. a4 c4 25. Ra7 Nb8 26. Rxe7 Rxe7 27. Rb1 Nd7 28. Rb7 Kf8 29. Rc7 1-0